000 nam a22 7a 4500
999 _c8467
_d8467
008 180116b ||||| |||| 00| 0 eng d
100 _94865
_aJAISWAL.R
245 _aMATHEMATICS WORK BOOK -5
260 _aMEERAT
_bARIHANT
_c2015